Introducción al griego bíblico

Na minha lista:
Detalhes bibliográficos
Autor principal: García Santos, Amador-Ángel (Author)
Formato: Livro
Idioma:espanhol
grego
Publicado em: Pamplona Verbo Divino 2002
Colecção:Instrumentos para el Estudio de la Biblia
Assuntos:
Tags: Adicionar Tag
Sem tags, seja o primeiro a adicionar uma tag!

MARC

LEADER 00000nam a2200000 a 4500
001 UCL8025
003 CL-VaPUC
008 040611e20020000SP |||||||||||||||||spa|d
020 |a 8481695149 
041 0 7 |a spa  |2 CL-VaPUC 
041 0 7 |a gre  |2 CL-VaPUC 
082 0 4 |a 220.4  |b GAR  |2 21 
100 |a García Santos, Amador-Ángel  |e author  |9 485938 
245 1 0 |a Introducción al griego bíblico 
300 |a 252 p 
942 |c BK 
945 |d 20040611 00:00:00  |a cmena 
260 |a Pamplona  |b Verbo Divino  |c 2002 
650 0 |a Textos sagrados   |9 257605 
650 0 |a Educación lingüística  |9 306506 
650 0 |a Biblia  |9 257603 
583 |a last modification  |c 20130402 08:56:31  |k Rodrigo Vera 
490 0 |a Instrumentos para el Estudio de la Biblia 
999 |c 309511  |d 309509 
952 |0 0  |1 2  |4 0  |6 220_400000000000000_GAR_2002  |7 0  |8 A  |9 377011  |a BIBTEO  |b BIBTEO  |d 2019-11-21  |i 4025121  |o 220.4 GAR 2002  |p 4025121  |r 2019-11-21  |w 2019-11-21  |y BK  |k ICR